Bibliografia písomníctva slovenského na spôsob slovníka od najstarších čias do konca r. 1900 s pripojenou bibliografiou archeologickou, historickou, miestopisnou a prírodovedeckou Diel piaty S-Š

Bibliographic Details
Other Authors: Rizner, Ľudovít Vladimír, 1849-1913 (Compiler)
Format: Book
Language:Slovak
Czech
Hungarian
German
Latin
PhysicalDescription:270 strán 24 cm
Published: V Turčianskom Svätom Martine Matica slovenská 1933
Subjects:

MARC

LEADER 00000cam a2200000 a 4500
001 vtls008356466
003 SK-MaSNL
005 20260425230524.0
008 180813s1933 xo grbn 000 0 slo
015 |a SNBA1933/06 
020 |q (brožované) 
035 |a SK01SNK19690048683 
035 |a SKM000051146 
035 |a urn:nbn:sk:snk-am00itwx 
035 |a E878A4B3-9415-41A0-BF2B-AE4B8B106DED 
040 |a SNK  |b slo  |c SNK  |e AACR2 
041 0 |a slo  |a cze  |a hun  |a ger  |a lat 
043 |a e-xo---  |a e-hu--- 
044 |a xo  |c SK 
072 7 |a 821.162.4.09  |x Slovenská literatúra (o nej)  |2 konspekt 
072 7 |a 80  |x Filológia  |2 konspekt 
072 7 |a 01  |x Bibliografia. Katalógy  |2 konspekt 
080 |a 821.162.4  |2 2011 
080 |a 015(437.6)  |2 2001 
080 |a 801.82  |2 2011 
080 |a 001.102:025.32  |2 2001 
080 |a (437.6)  |2 2011 
080 |a (439.2)  |2 2011 
080 |a (01)  |2 2011 
245 0 0 |a Bibliografia písomníctva slovenského na spôsob slovníka od najstarších čias do konca r. 1900 s pripojenou bibliografiou archeologickou, historickou, miestopisnou a prírodovedeckou  |n Diel piaty  |p S-Š  |c sostavil Ľudovít V. Rizner 
246 3 0 |a S-Š 
260 |a V Turčianskom Svätom Martine  |b Matica slovenská  |c 1933 
300 |a 270 strán  |c 24 cm 
500 |a Skrátené označenie knižníc a skrátené názvy časopisov a kníh na strane [271] 
500 |a Na titulke: Vydáva Matičná správa 
504 |a Obsahuje bibliografické odkazy 
546 |a Súbežný text v češtine, maďarčine, nemčine a latinčine 
648 7 |a do konca roku 1900  |2 SNKPH  |9 368634 
650 0 7 |a písomníctvo  |2 SNKPH  |9 58529 
650 0 7 |a bibliografické informácie  |2 SNKPH  |9 63985 
650 0 7 |a slovenská literatúra  |2 SNKPH  |9 1115 
650 0 7 |a slovenská národná bibliografia  |2 SNKPH  |9 28848 
651 7 |a Slovensko  |2 SNKPHgeo  |9 14231 
651 7 |a Uhorsko  |2 SNKPHgeo  |9 28673 
655 7 |a bibliografie  |2 SNKPH  |9 28668 
700 1 |a Rizner, Ľudovít Vladimír,  |d 1849-1913  |4 com  |9 114879 
752 |a Slovensko  |d Martin 
852 |a Slovenská národná knižnica 
954 |a odborná, vedecká literatúra pôvodná (slovenská)  |2 lita 
958 |a RK 
958 |a TL 
958 |a LX 
958 |a NB 
958 |a ONDV 
958 |a SF 
999 |c 678213  |d 680143 
952 |a SNK  |b SNK  |y VYP  |7 0  |p 17A1165534  |o snkSC 1245/5 D1  |i snkKSF 2141/56  |8 5  |0 0  |1 0  |4 0  |d 2024-02-13  |l 0  |r 2026-02-23 19:48:14  |w 2026-02-23 
952 |a SNK  |b SNK  |y PREZ  |7 0  |p 17A0715769  |o snkSC 1245/5  |i snk59/38  |0 0  |1 0  |4 0  |d 2011-11-21  |f 1  |l 0  |r 2025-06-11 00:00:00  |w 2026-02-23 
952 |a SNK  |b SNK  |y VYP  |7 0  |p 17A0540734  |o snkSC 1245/5 D4  |i snkKSF 2607/59  |8 5  |0 0  |1 0  |4 0  |d 2008-03-03  |l 0  |r 2026-02-23 19:48:14  |w 2026-02-23 
952 |a SNK  |b SNK  |y VYP  |7 0  |p 17A0887180  |o snkSC 1245/5 D2  |i snkF 2951/62  |8 5  |0 0  |1 0  |4 0  |d 2012-02-04  |l 0  |r 2026-02-23 19:48:14  |w 2026-02-23 
952 |a SNK  |b SNK  |y VYP  |7 0  |p 17A0951656  |o snkSC 1245/5 D3  |i snkKSF 2547/59  |8 5  |0 0  |1 0  |4 0  |d 2014-07-01  |l 0  |r 2026-02-23 19:48:14  |w 2026-02-23